Movies At the Movies Quiz Stats

 Plays Quiz Updated Feb 12, 2018

Challenge
Share
Tweet
Score 0/20 Timer 08:00
10 Plays Today
% Correct
The Shawshank Redemption
91.5%
Gremlins
91%
The Twilight Saga: New Moon
84.9%
La La Land
84.2%
Amélie
75%
Donnie Darko
73.2%
Taxi Driver
72.6%
Notting Hill
68.1%
The Departed
65.3%
(500) Days of Summer
63.3%
% Correct
Inglourious Basterds
62.4%
A Clockwork Orange
60.2%
Léon: The Professional
59.3%
Scary Movie 2
56%
Hugo
47.1%
Last Action Hero
44.4%
The Outsiders
39.1%
True Romance
29.7%
Cape Fear
29.1%
12 Monkeys
27.8%

You're not logged in!

Compare scores with friends on all Sporcle quizzes.
Join for Free
OR
Log In

You Might Also Like...

Show Comments

Extras

Top Quizzes Today


Score Distribution

Your Account Isn't Verified!

In order to create a playlist on Sporcle, you need to verify the email address you used during registration. Go to your Sporcle Settings to finish the process.

Report this User

Report this user for behavior that violates our Community Guidelines.

Details: